00860nam a2200205 a 450000100100000000500170001000800410002702000150006804000250008310000480010824501120015626000430026830000180031149000590032950400310038870000470041983000660046695201050053299900170063700004059720201002034236.0130902s2010 sp 000 0 spa d a8477382190 aDO-SdBNPbspacBNPHU1 aHernández Guerrero, José Antonio96693410aHistoria Breve de la Retórica /cJosé Antonio Hernández Guerrero, María del Carmen García Tejera. aMadrid :bEditorial Síntesis,c2010. a222 ;c23 cm.1 aTeoría de la literatura y literatura contemporánea aBibliografía : p.193-2221 aGarcía Tejera, María del Carmen966935 0aTeoría de la literatura y literatura contemporánea966936 001050718MOaGRbGRcCTd2013-09-02iLF1l0o p40597-10r2020-06-25w2020-06-25y1ZNo se presta c40087d40087